000 03346nam a2200577Ia 4500
001 dia_1330
003 CHAP
005 20250116134636.0
007 ta
008 220117s2016 mx bdo fr 001 0 spa d
040 _cCHAP
_amxchpua
090 _aT.C.692
_bB84 IA
_c2016
245 1 0 _aResultados de la investigación de la materia Introducción a la agroindustria realizados en los estados de Puebla, Veracruz, Tabasco, Chiapas y Oaxaca /
_ccoordinadora María Ofelia Buendía González ; colaboradores Itzel Abarca Leocadio...[et al.]
260 _aMéxico :
_bEl autor,
_c2016
300 _av, 232 páginas :
_bmapas, gráficas, diagramas, tablas, fotos +
_e1 CD-ROM
336 _2rdacontent
_atexto
_btxt
337 _2rdamedia
_ano mediado
_bn
338 _2rdacarrier
_avolumen
_bnc
500 _aGrado 4° Grupo 1 -- El CD contiene reporte Directorio: páginas 228-232
502 _aViaje de estudios
_b(IA) --
_cUACh. Departamento de Ingeniería Agroindustrial,
_d2015
504 _aBibliografía: páginas 213-220
505 _aEmpresas visitadas: --
_t1. Industrias Lácteos del Sureste, S. A. de C. V. -- 2. Quesos Excelsior, S. A. de C. V. -- 3. Frigorífico de la cuenca del Papaloapan, S. A. de C. V. -- 4. Cortes Finos Europeos, S. A. de R. L. -- 5. SCHETTINO, S. A. de R. L. -- 6. Fideicomiso Ingenio El Potrero 80329 -- 7. Frutas y conservas de Veracruz, S. A. de C. V. -- 8. Tabasco Citrus Pack México -- 9. Gemma Agropecuaria de P.B. de R. L. -- 10. Frutas Deshidratadas Xochicualli -- 11. Mezcal de Oro, Oaxaca -- 12. Compañía Cervecera del Trópico, S. A. de C. V. -- 13. Productos Agropecuarios Beristain, S. A. de C. V. -- 14. Cafés de Especialidad de Chiapas S. A. P. I. de C. V. -- 15. Amaranto de Mesoamérica para el mundo, S. C. de R. L. -- 16. Italpasta, S. A. de C. V. -- 17. BIMBO, S. A. de C. V. Planta Puebla -- 18. Harinera del Oriente, S. A. de C. V. -- 19. Frituras Rincón Tarasco, S. A. de C.V. -- 20. Mueganos El Águila, S. de R. C. MI -- 21. Productos Avícolas El Calvario, S. A. de C.V. -- 22. Comunidades Campesinas en Caminos S de S. S. -- 23. Aceitera Chiapaneca La Palma, S. de P. R. de R. L. de C. V. -- 24. CACEP chocolates
650 1 3 _aAlimentos fritos
_9126521
650 1 3 _aAzúcares
_9150518
650 1 3 _aFrutos
_9150524
650 1 0 _aIndustria del huevo
_zMéxico
_9150525
650 1 3 _aOleaginosas
_9143465
650 1 3 _aProductos cárnicos
_9147832
650 1 3 _aProductos del café
_9150527
650 1 3 _aProductos lácteos
_992124
650 1 3 _aVerduras
_9150530
650 1 3 _aCoffee products
_9155323
650 1 3 _aDairy products
_9147027
650 1 3 _aMeat products
_9147939
650 1 0 _aEgg industry
_zMéxico
_9150521
650 1 3 _aFried foods
_9154235
650 1 3 _aFruits
_9150789
650 1 3 _aOilseeds
_9152851
650 1 3 _aSugars
_9150528
650 1 3 _aVegetables
_9151808
700 1 _aBuendía González, María Ofelia
_9150532
_ecoordinadora
700 1 _aAbarca Leocadio, Itzel
_9150531
_ecolaboradora
856 4 1 _uhttp://10.13.5.2/ve/TC692IA/TC692IA2016-REPORTE.pdf
_yDescargar REPORTE
901 _aT.C.692 B84 IA 2016
902 _aM
905 _a5232272016 mx nmde8223123322spa16
942 _2local
942 _cVE
999 _c171877
_d171877